| 000 | 00451nam a2200181Ia 4500 | ||
|---|---|---|---|
| 008 | 220531s9999 xx 000 0 und d | ||
| 041 | _aeng | ||
| 082 |
_a- _bINC / WAK |
||
| 100 |
_aWakale, L.P. _978266 |
||
| 245 | _aIncome Tax : Practice & Procedure | ||
| 250 | _a7th | ||
| 260 |
_aSangamner _bGayatri _c2019 |
||
| 300 | _a304 | ||
| 542 | _d30-01-2019 | ||
| 650 |
_aIncome Tax _978267 |
||
| 906 |
_d2018-2019 _f16438 |
||
| 999 |
_c43376 _d43376 |
||